000 00359cam a22001337a 4500
008 180718b1978 xxu||||| |||| 00| 0 eng d
020 _ao 09 132560 9
082 _aA6x8 W89b
100 _aWorcester, Donald E.
245 _aBolivar
_cby Donald E. Worcester
260 _aLondon
_bHutchinson
_c1978
300 _aviii, 243p.
650 _aSouth America - History
999 _c356587
_d356587